000 00794nam a2200277 a 4500
001 000028805
003 DO-SdBNP
005 20171002090645.0
007 000028805
008 110412s2010 dr 000 f spa d
020 _a9789945408409
040 _aBPMSU
_bspa
_cBPMSU
082 4 _aRD863.44
_bR696t
092 _a
100 1 _aRodríguez Checo, Miguel
245 1 3 _aLa tercera puerta /
_cMiguel Rodríguez Checo.
260 _aSanto Domingo :
_bMentesCreativas,
_c2010.
300 _a322 p. ;
_c23 cm.
500 _aIncluye datos biográficos del autor en la solapa
650 4 _aNOVELA DOMINICANA
650 4 _aLITERATURA DOMINICANA
910 _a
942 _2ddc
_cBK
945 _aTítulo remanejado para BNPHU / 2017 VM
956 _aVMATEO
_b10
_c20150428
_lBPMSU
_h00151
999 _c7728
_d7728